| 000 | 00445nam a2200145 i 4500 | ||
|---|---|---|---|
| 001 | 35958 | ||
| 003 | ES-MaACL | ||
| 007 | t| | ||
| 008 | 030214s1901 fr ||||1| fre d | ||
| 100 | 1 |
_aBourdeau, Louis. _930956 |
|
| 245 | 1 | 3 |
_aLe probleme de la vie _b: essai de sociologie générale / _cpar Louis Bourdeau. |
| 260 |
_aParís : _b[s.n., _c1901] ( _eCoulommiers : _fPaul Brodard) |
||
| 300 |
_aXI, 372 p. ; _c23 cm. |
||
| 852 |
_aES-MaACL _jB-6219 |
||
| 999 |
_c35958 _d35958 |
||